| Tag |
First Indicator |
Second Indicator |
Subfields |
| LEADER |
00000cam a2200000 a 4500 |
| 001 |
in00000012007 |
| 005 |
20151007051737.0 |
| 008 |
870224s1987 nyu 00011 eng |
| 010 |
|
|
|a 87005427
|
| 020 |
|
|
|a 0396091083
|
| 035 |
|
|
|a (OCoLC)15317593
|
| 035 |
|
|
|9 AAA4553AM
|
| 040 |
|
|
|a DLC
|c DLC
|d TXA
|d UtOrBLW
|
| 041 |
1 |
|
|a eng
|h jpn
|
| 049 |
|
|
|a TXAM
|c [A12579876]
|
| 050 |
0 |
0 |
|a PL855.A32
|b A27 1987
|
| 082 |
0 |
|
|a 895.6/35
|2 19
|
| 100 |
1 |
|
|a Kaikō, Takeshi,
|d 1930-1989.
|
| 240 |
1 |
0 |
|a Short stories.
|k Selections.
|l English
|
| 245 |
1 |
0 |
|a Five thousand runaways /
|c stories by Takeshi Kaiko ; translated from the Japanese by Cecilia Segawa Seigle.
|
| 250 |
|
|
|a 1st ed.
|
| 264 |
|
1 |
|a New York :
|b Dodd, Mead & Company,
|c [1987]
|
| 264 |
|
4 |
|c ©1987
|
| 300 |
|
|
|a xiii, 191 pages ;
|c 22 cm.
|
| 336 |
|
|
|a text
|b txt
|2 rdacontent
|
| 337 |
|
|
|a unmediated
|b n
|2 rdamedia
|
| 338 |
|
|
|a volume
|b nc
|2 rdacarrier
|
| 500 |
|
|
|a English translation of selected short stories from the author's works.
|
| 505 |
0 |
|
|a Monster and toothpick -- Duel -- The laughingstock -- Building a shell mound -- The crushed pellet -- The fishing hole (Ana) -- Five thousand runaways -- Festivities by the river.
|
| 600 |
1 |
0 |
|a Kaikō, Takeshi,
|d 1930-1989
|x Translations into English.
|
| 740 |
0 |
|
|a 5000 runaways.
|
| 999 |
|
|
|a MARS
|
| 999 |
f |
f |
|s 77d61a4f-e5a9-32e4-b282-5eb6357a2875
|i 324d4c7b-3f92-3bdb-b5a2-41421d2defce
|t 0
|
| 952 |
f |
f |
|p ric
|a Texas A&M University
|b Rellis Campus
|c Joint Library Facility
|d Remote Storage
|t 0
|e PL855.A32 A27 1987
|h Library of Congress classification
|i unmediated -- volume
|m A14812579876
|
| 998 |
f |
f |
|a PL855.A32 A27 1987
|t 0
|l Remote Storage
|